| 000 | 00510cam a2200193ua 4500 | ||
|---|---|---|---|
| 020 |
_a07-085030-5 _c8.50 |
||
| 041 |
_aeng _h |
||
| 082 |
_a620.1053 _bBEE/ME |
||
| 100 | _aBeer, Ferdinand P . | ||
| 245 |
_aMechanics for engineers: Statics / _cFerdinand P Beer. _hTextual Documents |
||
| 250 |
_a3 / _b. |
||
| 260 |
_aNew York : _bMcGraw Hill Book Company , _c1976. |
||
| 300 | _a410 ; . | ||
| 365 | _a8.50 | ||
| 504 | _a | ||
| 700 | 1 | _aJohnston , Russel E . | |
| 942 | _cBK | ||
| 999 |
_c9580 _d9580 |
||